书目信息 |
| 题名: |
柏林
|
|
| 作者: | 维尔纳 著 ;张亚婕 译 | |
| 分册: | ||
| 出版信息: | 北京 现代出版社 2021 |
|
| 页数: | 236页 | |
| 开本: | 24cm | |
| 丛书名: | ||
| 单 册: | ||
| 中图分类: | K516.9 | |
| 科图分类: | ||
| 主题词: | 城市史--柏林 | |
| 电子资源: | ||
| ISBN: | 978-7-5143-9077-3 | |
| 000 | 00928nam0 2200265 450 | |
| 001 | 2443581914 | |
| 005 | 20240108120728.01 | |
| 010 | @a978-7-5143-9077-3@b精装@dCNY98.00 | |
| 100 | @a20220110d2021 em y0chiy50 ea | |
| 101 | 1 | @achi@cger |
| 102 | @aCN@b110000 | |
| 105 | @aa z 000yy | |
| 200 | 1 | @a柏林@Abo lin@e一座古城的千年史诗@f(德)亨利·维尔纳(Henry Werner)著@g张亚婕译 |
| 210 | @a北京@c现代出版社@d2021 | |
| 215 | @a236页@c彩图@d24cm | |
| 300 | @a简策博文 | |
| 305 | @a本书版权经由锐拓传媒取得 | |
| 330 | @a本书以时间为序介绍柏林这座城市,具体内容包括:“柏林城的诞生:从石井小镇到中世纪商业城市”“勃兰登堡选侯国的中心:霍亨索伦王朝的首都”等。 | |
| 510 | 1 | @aBerlin 1000 jahre geschichte@zger |
| 606 | 0 | @a城市史@y柏林 |
| 690 | @aK516.9@v5 | |
| 701 | 0 | @c(德)@a维尔纳@Awei er na@c(Werner, Henry)@4著 |
| 702 | 0 | @a张亚婕@Azhang ya jie@4译 |
| 801 | 0 | @aCN@b91MARC@c20220115 |
| 905 | @aBZT@dK516.9@e2:1 | |
| 柏林:一座古城的千年史诗/(德)亨利·维尔纳(Henry Werner)著/张亚婕译.-北京:现代出版社,2021 |
| 236页:彩图;24cm |
| 简策博文 |
| ISBN 978-7-5143-9077-3(精装):CNY98.00 |
| 本书以时间为序介绍柏林这座城市,具体内容包括:“柏林城的诞生:从石井小镇到中世纪商业城市”“勃兰登堡选侯国的中心:霍亨索伦王朝的首都”等。 |
| ● |
| 相关链接 |
|
|
|
正题名:柏林
索取号:K516.9/2:1
 
预约/预借
| 序号 | 登录号 | 条形码 | 馆藏地/架位号 | 状态 | 备注 |
| 1 | 2001734294 | 2001734294 | 辽三/辽宁北配(第三批)/4541/ [索取号:K516.9/2:1] | 在馆 | |
| 2 | 2001734295 | 2001734295 | 辽三/辽宁北配(第三批)/4541/ [索取号:K516.9/2:1] | 在馆 | |
| 3 | 2001734296 | 2001734296 | 辽三/辽宁北配(第三批)/4541/ [索取号:K516.9/2:1] | 在馆 | |
| 4 | 2001734297 | 2001734297 | 辽三/辽宁北配(第三批)/4541/ [索取号:K516.9/2:1] | 在馆 | |
| 5 | 2001734298 | 2001734298 | 辽三/辽宁北配(第三批)/4541/ [索取号:K516.9/2:1] | 在馆 | |
| 6 | 2001734299 | 2001734299 | 辽三/辽宁北配(第三批)/4541/ [索取号:K516.9/2:1] | 在馆 |